Budovanie vzťahu so zákazníkom prostredníctvom sociálnych médií

Sociálne siete v kontexte marketingu. Analýza facebookovej stránky Slovenského združenia výrobcov piva a sladu. Produkcia a spotreba piva na Slovensku (2008-2012). Hodnotenie facebookovej stránky Milujem Pivo.

Guardado en:
Detalles Bibliográficos
Autor principal: Ružička, Tomáš, 1991-
Formato: Capítulo de libro
Lenguaje:eslovaco
Materias:
Etiquetas: Agregar Etiqueta
Sin Etiquetas, Sea el primero en etiquetar este registro!

MARC

LEADER 00000nla a2200000 4500
001 0211166
005 20240502073523.0
041 0 |a slo 
044 |a SK 
245 1 0 |a Budovanie vzťahu so zákazníkom prostredníctvom sociálnych médií  |c Tomáš Ružička 
520 |a Sociálne siete v kontexte marketingu. Analýza facebookovej stránky Slovenského združenia výrobcov piva a sladu. Produkcia a spotreba piva na Slovensku (2008-2012). Hodnotenie facebookovej stránky Milujem Pivo. 
610 2 0 |a siete sociálne 
610 2 0 |a systém CRM 
610 2 0 |a pivo 
100 1 |a Ružička, Tomáš, 1991-